| 000 | 00454nam a2200181Ia 4500 | ||
|---|---|---|---|
| 003 | GCL | ||
| 008 | 140319s9999 xx 000 0 eng d | ||
| 040 |
_aGCL / _cGCL |
||
| 082 | 0 | 4 |
_a004.67 _bW I |
| 100 | 1 | _aWALTZ, MITZI | |
| 245 | 1 | 0 |
_aTHE INTERNET INTERNATIONAL DIRECTORY / _cWALTZ, MITZI |
| 260 |
_a[S.N] : _bZIFF - DAVIS PRESS |
||
| 300 | _a526 P | ||
| 650 | 0 | 4 | _aشعر الحرب |
| 650 | 0 | 4 | _aNET WORK |
| 650 | 0 | 4 | _aINTERNET |
| 942 |
_2ddc _cBK |
||
| 999 |
_c11085 _d11085 |
||